[Event "FIDE Zonal 2.5 Open 2019"]
[Site "Montevideo"]
[Date "2019.04.16"]
[Round "5.24"]
[White "Zaruski, Julio"]
[Black "Ramirez Dominguez, Agustin"]
[Result "1/2-1/2"]
[WhiteElo "1842"]
[BlackElo "1907"]
[Annotator "NA"]
[PlyCount "98"]
[EventDate "2019.04.13"]
[EventType "swiss"]
[EventCountry "URU"]
[SourceTitle "playchess.com"]
[Source "ChessBase"]
[SourceQuality "1"]
[TimeControl "40/5400+30:1800+30"]

1. d4 {[%emt 0:00:00]} Nf6 {[%emt 0:00:00]} 2. c4 {[%emt 0:00:27]} g6 {[%emt 0:00:00]} 3. g3 {[%emt 0:00:14]} Bg7 {[%emt 0:00:31]} 4. Bg2 {[%emt 0:00:32]} O-O {[%emt 0:01:41]} 5. Nf3 {[%emt 0:00:04]} c6 {[%emt 0:00:16]} 6. O-O {[%emt 0:00:17]} d5 {[%emt 0:00:43]} 7. Qc2 {[%emt 0:09:57]} Bf5 {[%emt 0:04:08]} 8. Qb3 {[%emt 0:06:10]} Qb6 9. Nbd2 {[%emt 0:00:23]} Nbd7 {[%emt 0:04:04]} 10. c5 {[%emt 0:00:30]} Qc7 {[%emt 0:03:21]} 11. Nh4 {[%emt 0:05:04]} Be4 {[%emt 0:07:03]} 12. Nxe4 {[%emt 0:00:45]} Nxe4 13. Bf4 {[%emt 0:04:14]} e5 {[%emt 0:02:13]} 14. dxe5 {[%emt 0:00:15]} Ndxc5 {[%emt 0:00:55]} 15. Qe3 {[%emt 0:04:24]} Bxe5 {[%emt 0:03:35]} 16. Bxe5 {[%emt 0:00:39]} Qxe5 {[%emt 0:00:26]} 17. f3 {[%emt 0:02:00]} d4 {[%emt 0:01:06]} 18. Qh6 {[%emt 0:13:55]} Qg5 {[%emt 0:04:13]} 19. Qxg5 {[%emt 0:00:09]} Nxg5 {[%emt 0:00:01]} 20. Rac1 {[%emt 0:01:11]} Nge6 {[%emt 0:02:51]} 21. f4 {[%emt 0:01:25]} f5 {[%emt 0:01:28]} 22. Nf3 {[%emt 0:00:42]} Rad8 {[%emt 0:01:56]} 23. Ne5 {[%emt 0:00:22]} Nd7 {[%emt 0:01:26]} 24. Nd3 {[%emt 0:00:47]} Nf6 {[%emt 0:01:11]} 25. Nc5 {[%emt 0:01:37]} Nxc5 {[%emt 0:01:18]} 26. Rxc5 {[%emt 0:00:08]} Rfe8 {[%emt 0:00:08]} 27. Ra5 {[%emt 0:04:38]} Rxe2 {[%emt 0:02:05]} 28. Rxa7 {[%emt 0:00:27]} Rxb2 {[%emt 0:00:32]} 29. Bf3 {[%emt 0:02:18]} d3 {[%emt 0:00:33]} 30. Bd1 {[%emt 0:00:05]} d2 {[%emt 0:00:54]} 31. Ra3 {[%emt 0:00:55]} Re8 {[%emt 0:00:47]} 32. Rd3 {[%emt 0:00:25]} Kg7 {[%emt 0:01:17]} 33. Kf2 {[%emt 0:01:02]} Ne4+ {[%emt 0:01:00]} 34. Kf3 {[%emt 0:00:23]} Nc5 {[%emt 0:00:38]} 35. Re3 {[%emt 0:01:27]} Rxe3+ {[%emt 0:01:21]} 36. Kxe3 {[%emt 0:00:08]} Rxa2 {[%emt 0:00:09]} 37. Kd4 {[%emt 0:00:15]} Ne4 {[%emt 0:00:19]} 38. g4 Kf6 39. g5+ {[%emt 0:01:25]} Ke7 {[%emt 0:02:13]} 40. Bf3 {[%emt 0:00:59]} Ra4+ {[%emt 0:01:31]} 41. Kd3 {[%emt 0:31:08]} Ra3+ {[%emt 0:30:13]} 42. Ke2 {[%emt 0:00:49]} Rc3 {[%emt 0:03:20]} 43. Bxe4 {[%emt 0:01:21]} Rc1 {[%emt 0:00:48]} 44. Bg2 {[%emt 0:00:09]} Rxf1 45. Bxf1 {[%emt 0:00:09]} Kd6 {[%emt 0:02:32]} 46. Kxd2 {[%emt 0:00:11]} b5 {[%emt 0:00:11]} 47. Bd3 {[%emt 0:04:06]} Kd5 {[%emt 0:00:33]} 48. h4 {[%emt 0:02:30]} c5 {[%emt 0:00:53]} 49. Ke3 {[%emt 0:00:30]} c4 {[%emt 0:00:30]} 1/2-1/2

[Event "FIDE Zonal 2.5 Open 2019"]
[Site "Montevideo"]
[Date "2019.04.16"]
[Round "5.25"]
[White "Prieto Perez, Rodrigo"]
[Black "Campora, Edgardo"]
[Result "0-1"]
[WhiteElo "2037"]
[BlackElo "1705"]
[Annotator "NA"]
[PlyCount "34"]
[EventDate "2019.04.13"]
[EventType "swiss"]
[EventCountry "URU"]
[SourceTitle "playchess.com"]
[Source "ChessBase"]
[SourceQuality "1"]
[TimeControl "40/5400+30:1800+30"]

1. e4 {[%emt 0:00:00]} Nf6 {[%emt 0:05:10]} 2. e5 {[%emt 0:00:34]} Nd5 {[%emt 0:00:06]} 3. Bc4 {[%emt 0:01:54]} Nb6 {[%emt 0:00:05]} 4. Bb3 {[%emt 0:00:13]} Nc6 {[%emt 0:00:16]} 5. Nf3 {[%emt 0:00:32]} d6 {[%emt 0:00:21]} 6. d4 {[%emt 0:03:11]} Bg4 {[%emt 0:00:20]} 7. exd6 {[%emt 0:04:21]} cxd6 {[%emt 0:06:37]} 8. Bxf7+ {[%emt 0:04:24]} Kd7 {[%emt 0:14:04]} 9. d5 {[%emt 0:09:29]} Bxf3 {[%emt 0:17:43]} 10. Qxf3 {[%emt 0:03:20]} Ne5 {[%emt 0:00:06]} 11. Be6+ {[%emt 0:08:30]} Kc7 {[%emt 0:00:04]} 12. Qc3+ {[%emt 0:01:26]} Kb8 {[%emt 0:00:06]} 13. Bf4 {[%emt 0:05:22]} Ng6 {[%emt 0:00:13]} 14. Be3 {[%emt 0:02:56]} Na4 {[%emt 0:05:18]} 15. Qb4 {[%emt 0:04:42]} Nb6 {[%emt 0:05:46]} 16. Nd2 {[%emt 0:06:32]} Ne5 {[%emt 0:00:33]} 17. c4 {[%emt 0:01:41]} Nd3+ 0-1

[Event "FIDE Zonal 2.5 Open 2019"]
[Site "Montevideo"]
[Date "2019.04.16"]
[Round "5.26"]
[White "Manteiga, Franco"]
[Black "Lanaro, Emilio"]
[Result "1/2-1/2"]
[WhiteElo "1684"]
[BlackElo "1694"]
[Annotator "NA"]
[PlyCount "55"]
[EventDate "2019.04.13"]
[EventType "swiss"]
[EventCountry "URU"]
[SourceTitle "playchess.com"]
[Source "ChessBase"]
[SourceQuality "1"]
[TimeControl "40/5400+30:1800+30"]

1. d4 {[%emt 0:00:00]} Nf6 2. c4 {[%emt 0:00:00]} g6 {[%emt 0:00:00]} 3. Nc3 Bg7 {[%emt 0:00:00]} 4. e4 {[%emt 0:00:05]} d6 {[%emt 0:00:07]} 5. Nf3 {[%emt 0:00:37]} O-O {[%emt 0:00:15]} 6. Be2 {[%emt 0:00:06]} e5 {[%emt 0:00:24]} 7. O-O {[%emt 0:00:09]} Nc6 {[%emt 0:00:17]} 8. d5 {[%emt 0:00:05]} Ne7 {[%emt 0:00:09]} 9. b4 {[%emt 0:00:00]} Nh5 {[%emt 0:00:32]} 10. Re1 f5 11. Ng5 {[%emt 0:08:58]} Nf4 {[%emt 0:01:52]} 12. Bxf4 {[%emt 0:00:45]} exf4 {[%emt 0:00:07]} 13. Rc1 {[%emt 0:00:05]} h6 {[%emt 0:05:29]} 14. Ne6 {[%emt 0:05:34]} Bxe6 {[%emt 0:00:20]} 15. dxe6 Bxc3 {[%emt 0:16:05]} 16. Rxc3 {[%emt 0:00:15]} fxe4 {[%emt 0:15:35]} 17. Bg4 {[%emt 0:23:52]} a5 18. b5 {[%emt 0:22:58]} d5 {[%emt 0:13:10]} 19. cxd5 {[%emt 0:17:23]} Nxd5 20. e7 {[%emt 0:02:52]} Nxe7 {[%emt 0:08:30]} 21. Qxd8 {[%emt 0:03:55]} Raxd8 {[%emt 0:08:47]} 22. Rxc7 {[%emt 0:02:27]} Nf5 23. Bxf5 {[%emt 0:00:36]} Rxf5 {[%emt 0:01:18]} 24. Rxb7 {[%emt 0:04:00]} Rf7 {[%emt 0:18:27]} 25. Rb6 {[%emt 0:03:37]} Rd2 26. Rxg6+ Kh7 27. Re6 Rxa2 28. R6xe4 1/2-1/2

[Event "FIDE Zonal 2.5 Open 2019"]
[Site "Montevideo"]
[Date "2019.04.16"]
[Round "5.27"]
[White "Barreto Filho, Carlos Alberto"]
[Black "Palacio, Enzo"]
[Result "1-0"]
[WhiteElo "2293"]
[BlackElo "1745"]
[Annotator "NA"]
[PlyCount "149"]
[EventDate "2019.04.13"]
[EventType "swiss"]
[EventCountry "URU"]
[SourceTitle "playchess.com"]
[Source "ChessBase"]
[SourceQuality "1"]
[TimeControl "40/5400+30:1800+30"]

1. e4 {[%emt 0:00:00]} c5 {[%emt 0:00:00]} 2. Nc3 {[%emt 0:00:00]} g6 {[%emt 0:00:00]} 3. f4 {[%emt 0:00:15]} Bg7 {[%emt 0:00:00]} 4. Nf3 {[%emt 0:00:16]} Nc6 {[%emt 0:00:00]} 5. Bb5 {[%emt 0:00:14]} Qb6 {[%emt 0:00:43]} 6. Nd5 {[%emt 0:03:34]} Qd8 {[%emt 0:00:41]} 7. Bxc6 {[%emt 0:01:19]} bxc6 {[%emt 0:00:22]} 8. Ne3 {[%emt 0:01:43]} Ba6 {[%emt 0:02:45]} 9. d3 {[%emt 0:00:51]} e6 {[%emt 0:01:53]} 10. O-O {[%emt 0:00:42]} Ne7 {[%emt 0:00:10]} 11. Rb1 {[%emt 0:01:50]} O-O {[%emt 0:00:14]} 12. b3 {[%emt 0:00:40]} d5 {[%emt 0:00:36]} 13. e5 {[%emt 0:06:37]} Rb8 {[%emt 0:02:23]} 14. c4 {[%emt 0:02:05]} Nc8 {[%emt 0:16:37]} 15. Qe1 {[%emt 0:00:51]} Ne7 {[%emt 0:10:29]} 16. Bd2 Qd7 {[%emt 0:02:51]} 17. Qh4 {[%emt 0:05:55]} Nf5 {[%emt 0:02:28]} 18. Nxf5 {[%emt 0:00:24]} exf5 {[%emt 0:00:03]} 19. Be3 {[%emt 0:03:42]} d4 {[%emt 0:00:58]} 20. Bd2 {[%emt 0:00:16]} Rbe8 {[%emt 0:00:43]} 21. Ng5 {[%emt 0:02:20]} h6 {[%emt 0:00:21]} 22. Nf3 {[%emt 0:00:16]} Qc7 {[%emt 0:07:38]} 23. Rbe1 {[%emt 0:00:58]} Bc8 {[%emt 0:00:28]} 24. Re2 {[%emt 0:03:43]} Rd8 {[%emt 0:01:18]} 25. Qe1 {[%emt 0:01:07]} Rde8 {[%emt 0:01:55]} 26. Qc1 {[%emt 0:01:38]} Be6 {[%emt 0:00:37]} 27. Qa3 {[%emt 0:01:02]} Qb6 {[%emt 0:03:57]} 28. Ba5 {[%emt 0:01:39]} Qa6 {[%emt 0:00:18]} 29. Bb4 {[%emt 0:00:14]} Qxa3 {[%emt 0:01:54]} 30. Bxa3 {[%emt 0:00:07]} Ra8 {[%emt 0:00:31]} 31. Bxc5 {[%emt 0:00:11]} Rfd8 {[%emt 0:00:02]} 32. Nxd4 {[%emt 0:01:06]} a5 {[%emt 0:01:00]} 33. Re3 {[%emt 0:01:22]} Ra6 {[%emt 0:01:09]} 34. Nc2 {[%emt 0:03:23]} g5 {[%emt 0:00:38]} 35. fxg5 {[%emt 0:00:51]} hxg5 {[%emt 0:00:03]} 36. Be7 {[%emt 0:00:19]} Rd7 {[%emt 0:01:41]} 37. Bxg5 {[%emt 0:00:08]} a4 {[%emt 0:00:09]} 38. b4 {[%emt 0:02:39]} a3 {[%emt 0:00:17]} 39. Rg3 {[%emt 0:00:34]} Kf8 40. Bf6 {[%emt 0:05:02]} Bxf6 {[%emt 0:01:34]} 41. exf6 {[%emt 0:33:59]} Rd6 {[%emt 0:33:43]} 42. Rh3 {[%emt 0:01:48]} Ke8 43. Rf4 {[%emt 0:03:27]} Ra4 {[%emt 0:02:17]} 44. Re3 {[%emt 0:01:43]} Kd7 {[%emt 0:00:31]} 45. c5 {[%emt 0:00:59]} Rd5 {[%emt 0:01:33]} 46. d4 {[%emt 0:00:19]} Kc7 {[%emt 0:00:29]} 47. Rxa3 {[%emt 0:01:04]} Rxa3 {[%emt 0:00:09]} 48. Nxa3 {[%emt 0:00:09]} Rd8 {[%emt 0:00:06]} 49. Nc2 {[%emt 0:01:43]} Bxa2 {[%emt 0:00:23]} 50. h4 {[%emt 0:03:40]} Bb1 {[%emt 0:00:50]} 51. Ne3 {[%emt 0:00:15]} Rh8 {[%emt 0:00:24]} 52. Kf2 {[%emt 0:00:30]} Rh6 {[%emt 0:00:08]} 53. Nxf5 {[%emt 0:02:50]} Bxf5 {[%emt 0:00:11]} 54. Rxf5 {[%emt 0:00:05]} Rxh4 {[%emt 0:00:03]} 55. Ke3 {[%emt 0:00:22]} Rg4 {[%emt 0:00:10]} 56. Re5 {[%emt 0:00:58]} Rxg2 {[%emt 0:00:26]} 57. Re7+ {[%emt 0:00:08]} Kd8 58. Rxf7 Rg6 {[%emt 0:00:26]} 59. Ke4 {[%emt 0:00:36]} Ke8 {[%emt 0:00:37]} 60. Re7+ {[%emt 0:00:19]} Kf8 {[%emt 0:00:15]} 61. Kf5 {[%emt 0:00:52]} Rg1 {[%emt 0:00:19]} 62. Rc7 {[%emt 0:02:57]} Rb1 {[%emt 0:00:21]} 63. Ke6 {[%emt 0:00:37]} Re1+ {[%emt 0:00:08]} 64. Kd6 {[%emt 0:00:17]} Rf1 {[%emt 0:00:21]} 65. Kxc6 {[%emt 0:00:49]} Rxf6+ {[%emt 0:00:06]} 66. Kd5 {[%emt 0:00:20]} Ke8 {[%emt 0:00:11]} 67. b5 {[%emt 0:00:17]} Kd8 {[%emt 0:00:14]} 68. Rh7 {[%emt 0:00:18]} Rg6 {[%emt 0:00:10]} 69. c6 {[%emt 0:00:24]} Kc8 {[%emt 0:00:06]} 70. b6 {[%emt 0:00:17]} Rg5+ {[%emt 0:00:04]} 71. Kc4 {[%emt 0:00:13]} Rg8 {[%emt 0:00:10]} 72. d5 {[%emt 0:00:18]} Kb8 73. Kc5 {[%emt 0:00:44]} Ka8 {[%emt 0:00:23]} 74. Ra7+ {[%emt 0:01:24]} Kb8 {[%emt 0:00:07]} 75. c7+ {[%emt 0:00:27]} 1-0

[Event "FIDE Zonal 2.5 Open 2019"]
[Site "Montevideo"]
[Date "2019.04.16"]
[Round "6.1"]
[White "Roselli Mailhe, Bernardo"]
[Black "Mareco, Sandro"]
[Result "1/2-1/2"]
[WhiteElo "2454"]
[BlackElo "2651"]
[Annotator "TA"]
[PlyCount "70"]
[EventDate "2019.04.13"]
[EventType "swiss"]
[EventCountry "URU"]
[SourceTitle "playchess.com"]
[Source "ChessBase"]
[SourceQuality "1"]

{[%evp 22,70,22,36,28,25,61,10,29,30,43,24,29,24,39,10,46,44,68,41,27,36,37,27,41,14,14,14,14,14,22,0,0,-21,-16,-16,0,0,0,0,0,0,0,0,0,0,0,0,0,0,0]} 1. d4 Nf6 2. Nf3 e6 3. c4 d5 4. Nc3 c6 5. e3 Nbd7 6. Qc2 Bd6 7. Be2 dxc4 8. Bxc4 O-O 9. O-O b5 10. Be2 Bb7 11. Rd1 Qc7 12. e4 {[#] And now e5 would win.} e5 {D46: Semi-Slav: 5 e3 Nbd7 6 Bd3, Black avoids the Meran} 13. Bg5 (13. g3 Rfe8 14. dxe5 Nxe5 15. Bg5 Neg4 16. Rac1 Bc5 17. Bxf6 Bxf2+ 18. Kh1 gxf6 19. Nxb5 Qe7 20. Nd6 {½-½ (45) Dragun,K (2572)-Shirov,A (2702) Riga 2015}) 13... Rfe8 14. dxe5 (14. Rac1 $14) 14... Nxe5 15. Bxf6 Nxf3+ 16. Bxf3 gxf6 17. g3 Rad8 18. Rac1 a6 (18... b4 $5 {[%cal Rb4c3]} 19. Na4 c5 $11) 19. Bg4 Qe7 20. Bf5 $146 ({Predecessor:} 20. Qe2) 20... Bc8 21. Bxc8 Rxc8 22. Ne2 Be5 23. Nd4 Bxd4 $1 {The position is equal.} 24. Rxd4 c5 25. Rd5 c4 26. Rd4 Rcd8 27. Rcd1 Rxd4 28. Rxd4 $11 {[%mdl 4096] Endgame KQR-KQR} Rd8 29. Rd5 Rxd5 30. exd5 {KQ-KQ} Qe1+ 31. Kg2 Qe5 32. Qd2 {[#] d6 is the strong threat.} Kf8 33. Qb4+ Kg7 34. Qd2 Kf8 35. Qb4+ Kg7 {Accuracy: White = 32%, Black = 51%.} 1/2-1/2

[Event "FIDE Zonal 2.5 Open 2019"]
[Site "Montevideo"]
[Date "2019.04.16"]
[Round "6.2"]
[White "Pichot, Alan"]
[Black "Perez Ponsa, Federico"]
[Result "1/2-1/2"]
[WhiteElo "2566"]
[BlackElo "2562"]
[Annotator "TA"]
[PlyCount "55"]
[EventDate "2019.04.13"]
[EventType "swiss"]
[EventCountry "URU"]
[SourceTitle "playchess.com"]
[Source "ChessBase"]
[SourceQuality "1"]

{[%evp 30,55,22,12,17,15,26,14,51,3,31,0,6,0,23,3,47,14,24,0,0,0,0,0,0,0,0,-19]} 1. e4 e5 2. Nf3 Nc6 3. Bb5 a6 4. Ba4 Nf6 5. O-O Be7 6. Re1 b5 7. Bb3 O-O 8. c3 d6 9. h3 Nb8 10. d4 Nbd7 11. Nbd2 Bb7 12. Bc2 Re8 13. a4 Bf8 14. Bd3 c6 15. b3 g6 16. Qc2 Qc7 {C95: Closed Ruy Lopez: Breyer Variation with 10 d4} (16... Nh5 17. Bf1 Nf4 18. g3 Ne6 19. Bb2 Bg7 20. b4 Nb6 21. axb5 axb5 22. dxe5 Rxa1 23. Rxa1 dxe5 24. c4 Nd4 25. Bxd4 exd4 {½-½ (73) Inarkiev,E (2684)-Alekseenko,K (2621) Yaroslavl 2018}) 17. Bb2 Nh5 18. Bf1 Rad8 19. c4 $146 {[%cal Rc4b5]} ({Predecessor:} 19. a5 c5 20. d5 Bh6 21. c4 b4 22. Nh2 Bc8 {0-1 (62) Raul,T (2220)-Borges Feria,Y (2393) Matanzas 2008}) 19... bxa4 20. Rxa4 exd4 21. Bxd4 Bg7 22. Bxg7 Kxg7 23. g3 Nhf6 24. Qc3 c5 {The position is equal.} 25. Nh2 Kg8 26. Bg2 Re6 27. Re3 Rde8 28. Qc2 {Accuracy: White = 48%, Black = 61%.} 1/2-1/2

[Event "FIDE Zonal 2.5 Open 2019"]
[Site "Montevideo"]
[Date "2019.04.16"]
[Round "6.3"]
[White "Salinas Herrera, Pablo"]
[Black "Henriquez Villagra, Cristobal"]
[Result "0-1"]
[WhiteElo "2483"]
[BlackElo "2543"]
[Annotator "TA"]
[PlyCount "72"]
[EventDate "2019.04.13"]
[EventType "swiss"]
[EventCountry "URU"]
[SourceTitle "playchess.com"]
[Source "ChessBase"]
[SourceQuality "1"]

{[%evp 11,72,16,38,16,9,12,29,10,23,0,46,32,30,13,46,0,0,0,0,-44,-37,-45,-39,-47,0,0,0,0,144,49,68,66,68,49,154,41,55,36,55,27,70,0,58,0,52,0,0,0,0,-166,-180,-152,-161,-384,-337,-654,-660,-997,-1011,-29980,-29981,-29979,-29979]} 1. d4 Nf6 2. Nf3 e6 3. c4 c5 4. Nc3 cxd4 5. Nxd4 Nc6 6. a3 a6 7. Nxc6 {A33: Symmetrical English: 2 Nf3 Nf6 3 d4 cxd4 4 Nxd4 e6 5 Nc3 Nc6} (7. e4 Qc7 8. Be2 b6 9. Be3 Bb7 10. Rc1 Bc5 11. b4 Nxd4 12. Bxd4 Bd6 13. Qd3 Rc8 14. Rd1 Be5 15. Bxe5 Qxe5 {½-½ (41) Malakhov,V (2717)-Grigoriants,S (2574) Yerevan 2014}) 7... bxc6 8. e4 Qc7 $146 ({Predecessor:} 8... Bb7 9. e5 Ng8 10. Bd3 d5 11. exd6 Bxd6 12. Ne4 Be5 13. O-O Qc7 14. h3 c5 15. Qe2 Ne7 {1-0 (52) Wickert,D (2039)-Nolte,A (1485) Verden 2006}) 9. g3 {White has an edge.} h5 10. Bg2 e5 11. Na4 d6 12. Qc2 Be6 13. h3 h4 14. g4 Be7 15. f4 exf4 $1 16. Bxf4 Nd7 17. c5 Ne5 18. Qc3 Rb8 19. b4 {[#]} Bf6 (19... a5 $1 $11 {[%mdl 512] remains equal.}) 20. g5 (20. cxd6 $1 $16 Qxd6 21. O-O) 20... Ng6 $14 21. gxf6 Nxf4 22. Bf3 ({Of course not} 22. fxg7 Nxg2+ 23. Kf2 Rg8 $11) 22... g6 {[#]} (22... O-O $1 $14) 23. O-O-O (23. cxd6 $1 $16 Qxd6 24. Rd1) 23... d5 $1 {[%cal Rd5e4]} 24. exd5 Nxd5 25. Bxd5 cxd5 26. Qe3 (26. Qd4 $14) 26... Rh5 (26... a5 $11 27. Rd4 Kf8) 27. Nc3 ({White should try} 27. Rhe1 $14) 27... Kf8 ({Black should play} 27... Qe5 $11 28. Qxe5 Rxe5) 28. Rhe1 (28. Qd4 $14) 28... Qg3 $1 $11 29. Qd4 Qxh3 30. Re5 $2 {[#]} (30. Rh1 $11 {and White has nothing to worry.} Qf3 31. Rdf1) 30... Rxe5 $1 $19 31. Qxe5 Re8 {...Bg4 is the strong threat.} 32. Re1 $2 (32. Rd2) 32... Kg8 {Strongly threatening ...Bd7.} 33. Re3 $2 (33. Nxd5 Qxa3+ 34. Qb2) 33... Qf1+ 34. Nd1 Bd7 35. Qg5 Rxe3 36. Qxe3 Ba4 {Accuracy: White = 21%, Black = 55%.} 0-1

[Event "FIDE Zonal 2.5 Open 2019"]
[Site "Montevideo"]
[Date "2019.04.16"]
[Round "6.4"]
[White "Delgado Ramirez, Neuris"]
[Black "Rodriguez Vila, Andres"]
[Result "0-1"]
[WhiteElo "2616"]
[BlackElo "2480"]
[Annotator "TA"]
[PlyCount "104"]
[EventDate "2019.04.13"]
[EventType "swiss"]
[EventCountry "URU"]
[SourceTitle "playchess.com"]
[Source "ChessBase"]
[SourceQuality "1"]

{[%evp 9,104,11,18,6,12,14,16,19,19,6,18,4,0,6,6,12,14,26,18,0,47,0,0,0,-8,-10,-10,-8,-12,-27,-26,-72,22,30,31,29,43,-20,0,0,0,-398,-401,-402,-420,-425,-425,-405,-424,-418,-422,-406,-403,-418,-411,-421,-421,-421,-421,-421,-421,-410,-410,-576,-560,-582,-511,-640,-580,-580,-576,-580,-572,-517,-611,-617,-585,-695,-684,-650,-600,-647,-597,-581,-591,-662,-624,-852,-840,-1008,-1000,-992,-984,-964,-951,-931,-835]} 1. e4 e6 2. d4 d5 3. Nd2 Be7 4. exd5 (4. Ngf3 Nf6 5. e5 Nfd7 6. c3 c5 7. Bd3 b6 8. O-O Ba6 9. Bxa6 Nxa6 10. Qe2 Nab8 11. c4 dxc4 12. Nxc4 O-O 13. Qe4 Na6 {½-½ (45) Movsesian,S (2629)-Caruana,F (2828) chess.com INT 2019}) 4... exd5 5. Bd3 Nf6 6. h3 {C03: French Tarrasch: Unusual Black 3rd moves} O-O 7. Ngf3 c5 8. dxc5 {The position is equal.} a5 {[%cal Ba7a5,Ba5a4][%mdl 32]} 9. O-O $146 ({Predecessor:} 9. a4 Na6 10. Nb3 Nxc5 11. Nxc5 Bxc5 12. O-O Ne4 13. Ne5 Be6 14. Bb5 Qf6 {1-0 (38) Frolochkin,V (2328)-Martynov,P (2204) St Petersburg 2011}) 9... Nbd7 10. Nb3 {[%cal Bd2b3,Bb3d4,Bd4b5,Bb5c3][%mdl 32]} a4 11. Nbd4 Nxc5 12. Be3 Nfe4 13. a3 f5 14. Nb5 f4 15. Bd4 ({White should try} 15. Bxc5 $14 Nxc5 16. Re1) 15... Ra6 $11 16. Nc3 Nxd3 17. Qxd3 Bf5 18. Qb5 Nxc3 19. Bxc3 Be4 20. Rfe1 Bf6 (20... Qc8 $17 21. Nd2 Rf5) 21. Bb4 Re8 22. Rad1 {And now Rxd5! would win.} Rae6 23. c3 (23. Qxb7 $14 h6 24. b3) 23... Bh4 (23... Qc8 {is more complex.} 24. Kh2 Bxf3 25. Rxe6 Qxe6 26. gxf3 Bh4) 24. Rxe4 ({Wrong is} 24. Qxa4 $2 Bxf3 25. c4 Qg5 $19) 24... Rxe4 25. Rxd5 $2 {[%mdl 8192] [#]} (25. Ba5 $11 {and White stays safe.} Qe7 26. Bb4) 25... Re1+ $1 $19 {[%mdl 512]} 26. Nxe1 Bxf2+ $1 27. Kxf2 Qh4+ 28. Kg1 {[%cal Rb5e8]} Rxe1+ 29. Qf1 Rxf1+ 30. Kxf1 {[%mdl 4096] Endgame [#] KQ-KRB} f3 $1 {[%mdl 512]} 31. Rd4 (31. gxf3 Qc4+) 31... fxg2+ 32. Kxg2 Qg5+ 33. Kf3 h5 34. h4 Qc1 35. Ke4 Qxb2 36. Kd5 (36. Kd3 {was called for.}) 36... Qg2+ {Black is clearly winning.} 37. Kd6 Kf7 38. Kc7 Qc6+ 39. Kb8 b5 40. Ka7 Ke6 41. Kb8 Qb6+ 42. Kc8 g6 43. Rd2 Qc6+ 44. Kb8 Kf5 45. Rd6 Qe8+ 46. Kc7 Qe7+ 47. Kb6 {aiming for Rd5+.} Qxh4 48. Kxb5 Qe4 49. c4 h4 50. Rd5+ Kg4 51. Bd6 g5 52. Rd2 Qe3 {Accuracy: White = 43%, Black = 74%.} 0-1

[Event "FIDE Zonal 2.5 Open 2019"]
[Site "Montevideo"]
[Date "2019.04.16"]
[Round "6.5"]
[White "Cubas, Jose Fernando"]
[Black "Real De Azua, Ernesto"]
[Result "1-0"]
[WhiteElo "2505"]
[BlackElo "2474"]
[Annotator "TA"]
[PlyCount "67"]
[EventDate "2019.04.13"]
[EventType "swiss"]
[EventCountry "URU"]
[SourceTitle "playchess.com"]
[Source "ChessBase"]
[SourceQuality "1"]

{[%evp 9,67,-19,10,-7,-7,-42,-43,-45,-43,-53,-20,-23,0,-29,0,-29,83,77,108,112,111,107,164,100,93,86,107,109,154,159,263,254,323,102,123,125,340,145,153,173,234,228,246,227,231,262,264,245,308,293,309,312,547,535,906,899,1035,962,940,892]} 1. e4 c6 2. d4 d5 3. e5 Bf5 4. Ne2 e6 5. Nf4 Ne7 (5... c5 6. g4 Be4 7. f3 Qh4+ 8. Ke2 Nc6 9. c3 Bxb1 10. Rxb1 Nge7 11. Ng2 Qh3 12. Bg5 h6 13. Nf4 Qxf1+ 14. Kxf1 hxg5 {1-0 (52) Motylev,A (2651)-Dreev,A (2698) chessassistantclub.com INT 2004}) 6. Nc3 {B12: Caro-Kann: Advance Variation} h6 7. g4 Bh7 8. Bd3 $146 {Black is slightly better.} ({Predecessor:} 8. Be3 c5 9. Qd2 Nec6 10. O-O-O Nxd4 11. Bxd4 cxd4 12. Qxd4 Nc6 13. Qd2 {0-1 (28) Vaghar,M (2130)-Khaghani,M (2212) Mashad 2003}) 8... Bxd3 9. Qxd3 Nd7 (9... c5 $5) 10. Be3 a6 (10... c5 $5) 11. O-O-O Qc7 (11... c5 $5) 12. Nh5 b6 (12... g6 $11 13. Ng3 c5) 13. f4 $36 {[%mdl 2048] White has strong initiative.} c5 14. f5 c4 15. Qf1 b5 (15... Qc6 $16 {was called for.} 16. Qf3 g6) 16. Kb1 ({White should play} 16. Qf3 $18) 16... Qc6 17. Qf2 b4 18. Ne2 Nb6 19. Rhf1 c3 (19... a5 $16 20. c3 (20. f6 gxf6 21. Nxf6+ Kd8 $14) 20... Nd7) 20. b3 $18 (20. f6 gxf6 21. Qxf6 (21. Nxf6+ Kd8 $11) 21... Rh7 $16) 20... a5 {[#]} 21. Nc1 $2 (21. f6 gxf6 22. Qxf6 (22. Nxf6+ Kd8 $11) 22... Rh7 $14) (21. fxe6 $1 $18 Qxe6 22. a4) 21... a4 {[#]} 22. fxe6 $1 (22. f6 $6 gxf6 23. Nxf6+ (23. Qxf6 Rh7 $15) 23... Kd8 $11) 22... fxe6 $2 (22... Qxe6 $16 23. Nf4 Qxg4) 23. Nd3 (23. Qf7+ $18 {and the rest is easy.} Kd7 24. Nf4 axb3 25. Nxb3 (25. axb3 Nc4 $11)) 23... axb3 24. cxb3 {Strongly threatening Rc1.} (24. axb3 Qc7 $11) 24... c2+ (24... g6 $142) 25. Qxc2 Qxc2+ 26. Kxc2 Rxa2+ 27. Kb1 Rxh2 28. Nc5 ({Worse is} 28. Nxb4 Nf5 $11) ({Much less strong is} 28. Nhf4 $6 h5 $18) 28... Rh3 29. Rde1 ({Inferior is} 29. Nxe6 Rxe3 30. Rxf8+ Rxf8 $11) 29... Ng6 30. Nxe6 Be7 $2 (30... Rg8 31. Rf2 Kd7) 31. Rc1 {White is clearly winning.} Nc4 32. bxc4 Rxe3 33. cxd5 Rb3+ 34. Ka2 {Accuracy: White = 54%, Black = 33%.} 1-0